000 00706nam a2200253Ia 4500
003 OSt
005 20220927105408.0
006 a|||||r|||| 00| 0
007 ta
008 220926b |||||||| |||| 00| 0 eng d
020 _a9788130909684
024 _a168513
037 _cReference Collections
040 _aRTL
_cRTL
_beng
041 _2eng
_aeng
082 _a"W694.46, P8"
100 _apratt Nicola
_9372173
245 0 _aDemocracy and authoritarianism in the arab-world
260 _aNew
_bDelhi Viva Books
_c2008
300 _a"xi,236p"
_ccm.
500 _aBibliography: P.205-24
942 _h"W694.46, P8"
_cCC
999 _c692304
_d692304